| 000 | 00398nam a22001697a 4500 | ||
|---|---|---|---|
| 003 | MPLRDC | ||
| 005 | 20220104143459.0 | ||
| 008 | 210129b ||||| |||| 00| 0 eng d | ||
| 082 | _a857.7 XMY v.186 c.2 | ||
| 100 | _a仙儿著 | ||
| 245 |
_a神鹰驸马 _c |
||
| 260 |
_a _b银河出版社 _c |
||
| 300 | _b平 | ||
| 490 | _a寻梦园系列;186 | ||
| 650 | _a | ||
| 942 |
_cBK _o857.7 XMY v.186 c.2 |
||
| 999 |
_c40318 _d40308 |
||